<?xml version="1.0" encoding="UTF-8"?>
<record
    xmlns:xsi="http://www.w3.org/2001/XMLSchema-instance"
    xsi:schemaLocation="http://www.loc.gov/MARC21/slim http://www.loc.gov/standards/marcxml/schema/MARC21slim.xsd"
    xmlns="http://www.loc.gov/MARC21/slim">

  <leader>01162nam a2200253 a 4500</leader>
  <controlfield tag="003">DO-SdBNP</controlfield>
  <controlfield tag="005">20240404102632.0</controlfield>
  <controlfield tag="007">ta</controlfield>
  <controlfield tag="008">211028e2021    dr ||||er|||| 001 0 spa d</controlfield>
  <datafield tag="040" ind1=" " ind2=" ">
    <subfield code="a">DO-SdBNP</subfield>
    <subfield code="b">spa</subfield>
    <subfield code="c">BNPHU</subfield>
  </datafield>
  <datafield tag="082" ind1=" " ind2="4">
    <subfield code="2">22</subfield>
    <subfield code="b">A168n</subfield>
  </datafield>
  <datafield tag="110" ind1="2" ind2="2">
    <subfield code="a">Academia Dominicana de la Historia</subfield>
    <subfield code="9">777</subfield>
  </datafield>
  <datafield tag="245" ind1="1" ind2="0">
    <subfield code="a">Normas para publicar trabajos en Cl&#xED;o /</subfield>
  </datafield>
  <datafield tag="260" ind1=" " ind2=" ">
    <subfield code="a">Santo Domingo  : </subfield>
    <subfield code="b">B&#xFA;ho, </subfield>
    <subfield code="c">2021</subfield>
  </datafield>
  <datafield tag="300" ind1=" " ind2=" ">
    <subfield code="a">[19 p.] ; </subfield>
    <subfield code="c">13 cm.</subfield>
  </datafield>
  <datafield tag="490" ind1=" " ind2=" ">
    <subfield code="a">Institucionales ; </subfield>
    <subfield code="v">2</subfield>
  </datafield>
  <datafield tag="505" ind1=" " ind2=" ">
    <subfield code="a"> </subfield>
    <subfield code="t">Normas para publicar trabajos en Cl&#xED;o.--</subfield>
    <subfield code="t">Libros.-- </subfield>
    <subfield code="t">Un autor.-- </subfield>
    <subfield code="t">Dos autores.-- </subfield>
    <subfield code="t">Con tres, cuatro o m&#xE1;s autores.-- </subfield>
    <subfield code="t">Una organizaci&#xF3;n como autor.-- </subfield>
    <subfield code="t">N&#xFA;mero de edici&#xF3;n.--</subfield>
    <subfield code="t">Ediciones reimpresas.-- </subfield>
    <subfield code="t">Con varios vol&#xFA;menes.-- </subfield>
    <subfield code="t">Art&#xED;culos publicados en libros.--</subfield>
    <subfield code="t">Revistas y publicaciones peri&#xF3;dicas cient&#xED;ficas.--</subfield>
    <subfield code="t">Tesis in&#xE9;ditas.-- </subfield>
    <subfield code="t">Documentos.-- </subfield>
    <subfield code="t">Peri&#xF3;dicos.-- </subfield>
    <subfield code="t">Entrevistas.--</subfield>
    <subfield code="t">P&#xE1;ginas Web.</subfield>
  </datafield>
  <datafield tag="590" ind1=" " ind2=" ">
    <subfield code="a">Inventariado 2021 / MF</subfield>
  </datafield>
  <datafield tag="610" ind1="2" ind2="0">
    <subfield code="a">Academia Dominicana de la Historia</subfield>
    <subfield code="9">777</subfield>
  </datafield>
  <datafield tag="650" ind1=" " ind2="4">
    <subfield code="a">Publicaciones cient&#xED;ficas</subfield>
    <subfield code="9">80370</subfield>
  </datafield>
  <datafield tag="650" ind1=" " ind2="4">
    <subfield code="a">Historia</subfield>
    <subfield code="x">Investigaciones</subfield>
    <subfield code="9">80371</subfield>
  </datafield>
  <datafield tag="830" ind1=" " ind2=" ">
    <subfield code="a">institucionales ; </subfield>
    <subfield code="n">2</subfield>
    <subfield code="9">80372</subfield>
  </datafield>
  <datafield tag="942" ind1=" " ind2=" ">
    <subfield code="2">ddc</subfield>
    <subfield code="c">LF2</subfield>
  </datafield>
  <datafield tag="952" ind1=" " ind2=" ">
    <subfield code="0">0</subfield>
    <subfield code="1">0</subfield>
    <subfield code="2">ddc</subfield>
    <subfield code="5">1</subfield>
    <subfield code="7">0</subfield>
    <subfield code="8">PD</subfield>
    <subfield code="a">BNPHU</subfield>
    <subfield code="b">PD</subfield>
    <subfield code="c">HD</subfield>
    <subfield code="d">2021-07-08</subfield>
    <subfield code="e">Dep&#xF3;sito legal / Editora B&#xFA;ho</subfield>
    <subfield code="l">0</subfield>
    <subfield code="o">A168n</subfield>
    <subfield code="p">2021-27653</subfield>
    <subfield code="r">2021-10-28</subfield>
    <subfield code="w">2021-10-28</subfield>
    <subfield code="y">LFPD</subfield>
  </datafield>
  <datafield tag="952" ind1=" " ind2=" ">
    <subfield code="0">0</subfield>
    <subfield code="1">0</subfield>
    <subfield code="2">ddc</subfield>
    <subfield code="5">1</subfield>
    <subfield code="7">0</subfield>
    <subfield code="8">PD</subfield>
    <subfield code="a">BNPHU</subfield>
    <subfield code="b">PD</subfield>
    <subfield code="c">HD</subfield>
    <subfield code="d">2021-07-08</subfield>
    <subfield code="e">Dep&#xF3;sito legal / Editora B&#xFA;ho</subfield>
    <subfield code="l">0</subfield>
    <subfield code="o">A168n</subfield>
    <subfield code="p">2021-27654</subfield>
    <subfield code="r">2021-10-28</subfield>
    <subfield code="t">e.2</subfield>
    <subfield code="w">2021-10-28</subfield>
    <subfield code="y">LFPD</subfield>
  </datafield>
  <datafield tag="952" ind1=" " ind2=" ">
    <subfield code="0">0</subfield>
    <subfield code="1">0</subfield>
    <subfield code="2">ddc</subfield>
    <subfield code="5">6</subfield>
    <subfield code="7">0</subfield>
    <subfield code="8">DS</subfield>
    <subfield code="a">BNPHU</subfield>
    <subfield code="b">DO</subfield>
    <subfield code="c">HD</subfield>
    <subfield code="d">2021-07-08</subfield>
    <subfield code="e">Dep&#xF3;sito legal / Editora B&#xFA;ho</subfield>
    <subfield code="l">0</subfield>
    <subfield code="o">A168n</subfield>
    <subfield code="p">2021-27663</subfield>
    <subfield code="r">2021-10-28</subfield>
    <subfield code="t">e.3</subfield>
    <subfield code="w">2021-10-28</subfield>
    <subfield code="y">LFDS</subfield>
  </datafield>
  <datafield tag="999" ind1=" " ind2=" ">
    <subfield code="c">50820</subfield>
    <subfield code="d">50820</subfield>
  </datafield>
</record>
